[Event "Oberfranken-ch"]
[Site "Schney"]
[Date "2018.01.05"]
[Round "6.2"]
[White "Kolb, Tobias"]
[Black "Koedel, Christian"]
[Result "1/2-1/2"]
[WhiteElo "1642"]
[BlackElo "1615"]
[PlyCount "47"]
[EventDate "2018.01.03"]
[EventType "swiss"]
[EventRounds "7"]
[EventCountry "GER"]
[SourceTitle "EXT 2022"]
[Source "ChessBase"]
[SourceDate "2021.10.06"]
[SourceVersion "1"]
[SourceVersionDate "2021.10.06"]
[SourceQuality "1"]

1. e4 c5 2. d4 cxd4 3. c3 dxc3 4. Nxc3 Nc6 5. Nf3 d6 6. Bc4 e6 7. 0-0 a6 8. a4 Be7 9. Qe2 Nf6 10. Rd1 Qc7 11. Bf4 e5 12. Be3 Na5 13. Bd5 Be6 14. Rac1 Qd7 15. Nxe5 dxe5 16. Ba2 Qc8 17. Nd5 Nc6 18. Nb6 Qb8 19. Bxe6 fxe6 20. Nxa8 Qxa8 21. Qc4 Kf7 22. Bb6 Bd8 23. Ba5 Be7 24. Bb6 1/2-1/2

[Event "Oberfranken-ch U16"]
[Site "Schney"]
[Date "2015.01.03"]
[Round "1"]
[White "Moenius, Oliver"]
[Black "Koedel, Christian"]
[Result "1-0"]
[WhiteElo "1624"]
[BlackElo "1213"]
[PlyCount "75"]
[EventDate "2015.01.03"]
[EventType "swiss"]
[EventRounds "7"]
[EventCountry "GER"]
[SourceTitle "CBM 164 Extra"]
[Source "ChessBase"]
[SourceDate "2015.03.02"]
[SourceVersion "1"]
[SourceVersionDate "2015.03.02"]
[SourceQuality "1"]

1. d4 d5 2. c4 c6 3. Nc3 Nf6 4. Nf3 Nbd7 5. Bf4 e6 6. e3 Be7 7. Bd3 0-0 8. 0-0 b6 9. a4 Bb7 10. Qc2 c5 11. cxd5 exd5 12. Ne5 c4 13. Nxd7 cxd3 14. Nxf6+ Bxf6 15. Qxd3 a5 16. Qf5 Re8 17. Rac1 Rc8 18. Nb5 Be7 19. Bc7 Rxc7 20. Nxc7 Rf8 21. Rc2 g6 22. Qf3 Bd6 23. Rfc1 Qd7 24. Nxd5 Bxd5 25. e4 Bb7 26. Qe3 Qxa4 27. e5 Bb8 28. e6 fxe6 29. Qxe6+ Kh8 30. Qe7 Qb4 31. Qxb7 Qxd4 32. Rc8 Bd6 33. g3 b5 34. Rxf8+ Bxf8 35. Qf7 Qd6 36. Rc8 Qd1+ 37. Kg2 Qh5 38. Qxf8# 1-0

[Event "Oberfranken-ch U14 1213"]
[Site "Schney"]
[Date "2013.01.03"]
[Round "5"]
[White "Koedel, Christian"]
[Black "Hertel, Jan"]
[Result "0-1"]
[WhiteElo "1000"]
[BlackElo "1367"]
[PlyCount "96"]
[EventDate "2013.01.03"]
[EventType "swiss"]
[EventRounds "7"]
[EventCountry "GER"]
[SourceTitle "EXT 2015"]
[Source "ChessBase"]
[SourceDate "2014.11.20"]
[SourceVersion "1"]
[SourceVersionDate "2014.11.20"]
[SourceQuality "1"]

1. e4 c5 2. Nc3 e6 3. d3 Nc6 4. Nf3 Nf6 5. Bf4 d5 6. Qe2 Bd6 7. Bxd6 Qxd6 8. Nb5 Qd8 9. Nc3 0-0 10. Qd2 dxe4 11. dxe4 Qxd2+ 12. Nxd2 e5 13. Be2 Rd8 14. Rd1 Nd4 15. Bd3 b6 16. Nc4 Nd7 17. Nd5 Ba6 18. Nc7 Bxc4 19. Nxa8 Bxd3 20. cxd3 Rxa8 21. 0-0 b5 22. a3 a5 23. b4 axb4 24. axb4 cxb4 25. Rb1 b3 26. Rb2 Ra2 27. Rbb1 b2 28. h3 h6 29. Rfd1 Nc2 30. Rf1 Ra1 31. g3 Nc5 32. Rfd1 Na4 33. Rf1 Rxb1 34. Rxb1 Na3 35. Rf1 b1Q 36. Rxb1 Nxb1 37. f4 exf4 38. gxf4 b4 39. d4 b3 40. d5 Nb6 41. d6 b2 42. e5 Nd2 43. f5 b1Q+ 44. Kg2 Qf1+ 45. Kh2 Qxf5 46. e6 Qg5 47. d7 Nf3+ 48. Kh1 Qg1# 0-1